000 00799nam a2200229Ia 4500
003 Ost
005 20260507075326.0
008 260507s9999||||xx |||||||||||||| ||und||
020 _a60714016149
040 _cfsecg
041 _aara
082 _a346
100 _aشمس الدين، عفيف
_eمؤلف
245 0 _aالاسناد التجارية و الافلاس /
_c عفيف شمس الدين
260 _aبيروت:
_bمنشورات الحلبي الحقوقية,
_c2010
300 _a392 صفحة؛
_c25 سم
520 _aالإسناد التجارية، سند السحب، سند الأمر، الشيك، سائر الإسناد التجارية
653 _aالافلاس
653 _aالأوراق التجارية
653 _aالسندات
942 _cكتاب
999 _c43967
_d43967